000 00256nam a2200109Ia 4500
008 221009s9999 xx 000 0 und d
082 _a294/DHA
100 _aDhavalikar, M. k.
_913187
245 0 _aGanesa
260 _bAryan Book lnternational
942 _cBK
999 _c64758
_d64758